000 02544nam a2200253Ia 4500
003 Ost
005 20260507075752.0
008 260507s9999||||xx |||||||||||||| ||und||
020 _a9789931140375
040 _cfsecg
041 _aara
082 _a350
100 _aمجموعة من المؤلفين
_eمؤلف
245 0 _aإدارة المعرفة في المؤسسة الإقتصادية (الجزء الثاني) /
_c مجموعة من المؤلفين
260 _aالجزائر:
_bدار أجيال الرقمي ,
_c2024
300 _a373 صفحة؛
_bإيضاحات ؛
_c24 سم
520 _aتناول هذا الكتاب: تكنولوجيا المعلومات والاتصالات ودورها في تطوير أداء المؤسسة، تأثير تكنولوجيا المعلومات والاتصال على نماذج الأعمال، مساهمة تكنولوجيا المعلومات والاتصالات في تفعيل ادارة المعرفة، التجارة الالكترونية في الجزائر الواقع والتحدياث ، التحديات الأمنية لانتهاك الخصوصية في التجارة الالكترونية وسبل الحماية المعلوماتية، التجارة الالكترونية في الجزائر الواقع والآفاق، دور تكنولوجيا المعلومات في دعم إدارة المعرفة، دراسة العلاقة بين الذكاء الاقتصادي واستراتيجية المؤسسة، دور الابتكار في تحسين أداء قطاع تكنولوجيا المعلومات والاتصالات، فعالية الذكاء الاصطناعي في الاقتصاد وتأثيره على التسويق الدولي، تنمية الابداع والابتكار في المؤسسة في ظل إدارة المعرفة، تحديات الذكاء الاقتصادي في ظل أخلاقيات الأعمال، مساهمة الابداع والابتكار في تحسين أداء المؤسسات الاقتصادية، واقع استخدام تكنولوجيا المعلومات والاتصال في الجزائر، تنمية مهارات التفكير الابداعي لدى المود البشري كمدخل استراتيجي لزيادة الفعالية التنظيمية.
653 _aادارة المعرفة
653 _aالإدارة
653 _aالتجارة الالكترونية
653 _aالمعرفة
653 _aتكنولوجيا المعلومات
942 _cكتاب
999 _c46231
_d46231